000 01065nam a2200277Ia 4500
003 OSt
005 20221005111254.0
006 a|||||r|||| 00| 0
007 ta
008 221004b |||||||| |||| 00| 0 hin d
020 _a8181434072 (hbk)
_c100
024 _a13599
037 _b335, 20/03/2014, Vani Prakashan
_cTextual
040 _aCRL
_cCRL
_bhin
041 _2hin
_ahin
082 _aO157,3M76,PA, 152P5
100 _aचट्टोपाध्याय, शरतचंद्र
_9160228
245 0 _aपरिणीता
246 _aPariṇītā
260 _aनई दिल्ली
_bवाणी प्रकाशन भारत
_c2010
300 _a75पृ0
_ccm.
650 _aहिन्दी साहित्य
700 _a गुप्ता, सुशील, अनु.
942 _hO157,3M76,PA, 152P5
_cTEXL
_2cc
999 _c1021335
_d1021335